| 000 | 00664nam a22002057a 4500 | ||
|---|---|---|---|
| 005 | 20211015125857.0 | ||
| 008 | 211015b mx ||||| |||| 00| 0 spa d | ||
| 020 | _a9700744124 | ||
| 050 | 0 | 4 |
_aK5018 _bR49 c2003 |
| 100 | 1 |
_aReynoso Dávila, Roberto _eautor |
|
| 245 | 1 | 0 |
_aTeoría general del delito _c/ Roberto Reynoso Dávila ; colaboración de Máximo Reynoso Othón |
| 250 | _a5a ed. | ||
| 260 |
_aMéxico : _bPorrúa, _cc2003 |
||
| 300 |
_axii, 378 p. : _c21 cm. |
||
| 504 | _aBibliografía : p. 361-368 | ||
| 650 | 7 |
_2lemb _aDerecho penal |
|
| 650 | 7 |
_2lemb _aDelitos _xLegislación |
|
| 700 | 1 |
_aReynoso Othón, Máximo _ecolaborador |
|
| 942 |
_2lcc _cLIB |
||
| 999 |
_c11883 _d11883 |
||